000
00286nam a2200109 4500
999
_c
10234
_d
10234
008
180809b ||||| |||| 00| 0 eng d
245
_a
Pastry arts center Cacs-Davao's.
260
_a
Davao City
_b
Sun Star Davao
_c
c2016
300
_a
page 14.
650
0
_9
30208
_a
Food.
942
_2
ddc
_c
PER